| Tag |
First Indicator |
Second Indicator |
Subfields |
| LEADER |
00000cam a2200000 4500 |
| 001 |
in00003475413 |
| 005 |
20151206104508.0 |
| 008 |
761210s1935 xx 00000 eng |
| 010 |
|
|
|a 35027816
|
| 035 |
|
|
|a (OCoLC)ocm02611273
|
| 040 |
|
|
|a DLC
|c DLM
|d TNY
|d UtOrBLW
|
| 082 |
0 |
|
|a 917.77
|
| 090 |
|
|
|a F621
|b .L432
|
| 100 |
1 |
|
|a [Lea, Albert Miller],
|d 1807-1890.
|
| 245 |
1 |
4 |
|a The book that gave to Iowa its name :
|b a reprint.
|
| 264 |
|
1 |
|a Iowa City, Ia :
|b State Historical Society of Iowa,
|c 1935.
|
| 300 |
|
|
|a vi, 53 pages :
|b folded map. ;
|c 18 cm.
|
| 336 |
|
|
|a text
|b txt
|2 rdacontent
|
| 337 |
|
|
|a unmediated
|b n
|2 rdamedia
|
| 338 |
|
|
|a volume
|b nc
|2 rdacarrier
|
| 500 |
|
|
|a Includes reprint of t.-p. of original: Notes on Wisconsin territory ... by Lieutenant Albert M. Lea ... Philadelphia, H. S. Tanner, 1836. And of cover-title: Notes on the Wisconsin territory; particularly with reference to the Iowa district, or Black Hawk purchase.
|
| 651 |
|
0 |
|a Iowa
|x Description and travel.
|
| 651 |
|
0 |
|a Wisconsin
|x Description and travel.
|
| 651 |
|
0 |
|a Iowa
|x Name.
|
| 999 |
|
|
|a MARS
|
| 999 |
f |
f |
|s 05013dab-04cf-328b-ad3f-abcc6c62a039
|i a25e6844-40eb-3684-9ba4-0d05084b89ec
|t 0
|
| 952 |
f |
f |
|p ric
|a Texas A&M University
|b Rellis Campus
|c Joint Library Facility
|d Remote Storage
|t 0
|e F621 .L432
|h Library of Congress classification
|i unmediated -- volume
|m 32060002266746
|
| 998 |
f |
f |
|a F621 .L432
|t 0
|l Remote Storage
|